|
|
|
|
| LEADER |
01967nam a2200385 a 4500 |
| 001 |
00026222 |
| 008 |
121107s2012 dcuar s i0 0eng d |
| 020 |
|
|
|a 9780821389850
|
| 040 |
|
|
|a DGU
|c DGU
|d MH
|d NST
|d MH
|d NST
|d InU
|d DLC
|d WaU
|d MH
|d MiU
|d InU
|d MH
|d InU
|d CU-S
|d WaU
|d GU
|d MCM
|d MH-L
|d MCM
|d DLC
|d MH
|d OCoLC
|d InU
|d MdU
|d CLU
|d InU
|d DLC
|d WaU
|d DNAL
|d WaSeSS
|d TNJ
|d DLC
|d NjN
|d CaOOCC
|d TNJ
|d DNLM
|d MCM
|d TxU-PH
|d UKMGB
|d IEN
|d BD-DhAAL
|
| 082 |
0 |
0 |
|a 330.9/005
|2 21
|
| 245 |
0 |
0 |
|a World development indicators.
|
| 260 |
|
|
|a Washington, D.C. :
|b The World Bank,
|c 2012
|
| 300 |
|
|
|a xxiii, 430 p. :
|b ill. ;
|c 28 cm.
|
| 310 |
|
|
|a Annual
|
| 362 |
1 |
|
|a Began in 1978.
|
| 500 |
|
|
|a Description based on: 2012.
|
| 504 |
|
|
|a Includes bibliographical references (p. 406-413) and index.
|
| 541 |
1 |
|
|e 00026222
|
| 550 |
|
|
|a Prepared by the Development Data Group of the World Bank's International Economics Department, <1997->; by: Development Data Group of the World Bank, <2009->
|
| 650 |
|
0 |
|a Economic history
|y 1990-
|v Statistics
|v Periodicals.
|
| 650 |
|
0 |
|a Economic development
|v Statistics
|v Periodicals.
|
| 650 |
|
0 |
|a Economic indicators
|v Periodicals.
|
| 650 |
|
0 |
|a Social indicators
|v Periodicals.
|
| 650 |
1 |
2 |
|a Health Status Indicators
|v Tables.
|
| 650 |
2 |
2 |
|a World Health
|v Tables.
|
| 650 |
2 |
2 |
|a Economics
|v Tables.
|
| 710 |
2 |
|
|a World Bank.
|
| 710 |
2 |
|
|a World Bank.
|b International Economics Dept.
|b Development Data Group.
|
| 710 |
2 |
|
|a World Bank.
|b Development Data Group.
|
| 730 |
0 |
|
|a Little data book.
|
| 730 |
0 |
|
|a World Bank atlas.
|
| 852 |
4 |
|
|a Ayesha Abed Library
|j General Shelf.
|
| 999 |
|
|
|c 12948
|d 12948
|
| 952 |
|
|
|0 0
|1 0
|4 0
|6 330_900500000000000_WOR
|7 0
|9 21393
|a BRACUL
|b BRACUL
|c GEN
|d 2012-11-07
|e MIDAS
|g 3186.00
|l 2
|m 2
|o 330.9005 WOR
|p 3010026222
|r 2013-06-09
|s 2013-05-19
|t 1
|w 2012-11-07
|y BK
|
| 952 |
|
|
|0 0
|1 0
|2 ddc
|4 0
|6 330_900000000000000_005_WOR
|7 0
|9 21394
|a BRACUL
|b BRACUL
|c GEN
|d 2012-11-07
|e MIDAS
|g 3186.00
|l 4
|m 26
|o 330.9005 WOR
|p 3010026223
|r 2017-11-26
|s 2017-08-23
|t 2
|w 2012-11-07
|y BK
|